Statistics for Movies Set in Detroit Quiz

Click here to take the quiz!

General Stats

  • This quiz has been taken 10,336 times
    (757 since last reset)
  • The average score is 6 of 14

Answer Stats

SummaryMovie/TV Show% Correct
White rapper wins a rap battle8 Mile
91%
Cyborg police officer battles evildoersRobocop
89%
Street-smart Detroit cop goes to California to solve a crimeBeverly Hills Cop
66%
Clumsy dad likes power toolsHome Improvement
62%
Tough old curmudgeon shows a Hmong teenager how to fix cars and be a badassGran Torino
52%
Based on the Supremes. Three girls form an R&B trio, but fame leaves one behindDreamgirls
44%
Quartet of brothers solve the murder of their adoptive motherFour Brothers
38%
Teamsters union leader has run-ins with law enforcement and the MafiaHoffa
34%
Hitman comes home for his high school reunionGrosse Pointe Blank
31%
Burnouts and nerds struggle for social acceptance at Chippewa HighFreaks and Geeks
30%
Teenagers make a pilgrammage to see a KISS concertDetroit Rock City
28%
African-American man is always arguing with his girlfriend, GinaMartin
25%
Controversial shock jock gets his start in the radio bizPrivate Parts
24%
Overprotective dad is burdened with sexy teenage daughter8 Simple Rules
18%

Score Distribution

Percentile by Number Answered

Percent of People with Each Score

Your Score History

You have not taken this quiz since the last reset